40 Landmarks: Georgia Quiz Stats

 Plays Quiz not verified by Sporcle

Score 0/40 Timer 10:00
0 Plays Today
% Correct
Stone Mountain, Stone Mountain
69.7%
Georgia State Capitol, Atlanta
61.8%
The World of Coca-Cola, Atlanta
59.2%
The Westin Peachtree Plaza Hotel, Atlanta
55.3%
Sanford Stadium, The University of Georgia, Athens
51.3%
The Fountain of Rings, Centennial Olympic Park, Atlanta
50%
Hartsfield–Jackson Atlanta International Airport, Atlanta
48.7%
Augusta National Golf Club, Augusta
47.4%
Georgia Aquarium, Atlanta
44.7%
Campus Recreation Center, The Georgia Intsitute of Technology, Atlanta
38.2%
Philips Arena, Atlanta
38.2%
Underground Atlanta, Atlanta
36.8%
Martin Luther King's Birth Home, Atlanta
35.5%
Bank of America Plaza, Atlanta
34.2%
James Brown, Augusta
34.2%
The Tomb of Martin Luther King & Coretta Scott King, Atlanta
32.9%
The Hyatt Regency Atlanta, Atlanta
32.9%
The Governor's Mansion, Atlanta
31.6%
Mercedes-Benz Stadium, Atlanta
31.6%
Talmadge Memorial Bridge, Savannah
30.3%
% Correct
The English-American Building, Atlanta
27.6%
The Millennium Gate, Atlanta
27.6%
Georgia World Congress Center, Atlanta
26.3%
Jekyll Island Club, Jekyll Island
25%
The Old Harbor Light, Savannah
25%
Savannah City Hall, Savannah
23.7%
The High Museum of Art, Atlanta
21.1%
Horton House, Jekyll Island
19.7%
The Confederate Memorial, Forsyth Park, Savannah
18.4%
Congregation Mickve Israel, Savannah
18.4%
The Margaret Mitchell House & Museum, Atlanta
18.4%
Georgia Pacific Tower, Atlanta
15.8%
The Clock Tower, Rome
14.5%
Atlanta from the Ashes, Atlanta
13.2%
The Castle, Atlanta
11.1%
SunTrust Plaza, Atlanta
9.2%
Owens-Thomas House, Savannah
7.9%
191 Peachtree Tower, Atlanta
7.9%
Macon City Auditorium, Macon
6.6%
3344 Peachtree, Atlanta
0%

You're not logged in!

Compare scores with friends on all Sporcle quizzes.
OR
Log In

Sporcle TV

Today on Sporcle TV


Watch our educational content, quiz creation guides, and fun videos on Sporcle TV.

Show Comments

Extras

Top Quizzes Today


Score Distribution

Your Account Isn't Verified!

In order to create a playlist on Sporcle, you need to verify the email address you used during registration. Go to your Sporcle Settings to finish the process.

Report this User

Report this user for behavior that violates our Community Guidelines.

Details: